Getting to know ArcGIS desktop : (Registro nro. 2686)

Detalles MARC
000 -CABECERA
Campo de control 01155cam a22002894a 4500
005 - FECHA Y HORA DE LA ULTIMA TRANSACCION
Campo de control 20180803165028.0
008 - ELEMENTOS DE LONGITUD FIJA—INFORMACION GENERAL
Campo de control 010607s2001 cauab 001 0 eng
020 ## - ISBN
ISBN 1879102897
040 ## - FUENTE DE CATALOGACIÓN
Agencia catalogadora original DLC
Agencia transcriptora DLC
Agencia Modificadora DLC
-- CO-BoIAVH
041 0# - IDIOMA
Código de idioma para texto/pista de sonido o título separado Inglés
044 ## - PAÍS DE PUBLICACIÓN
País de publicación Estados Unidos
082 00 - NUMERO DE CLASIFICACION DECIMAL DEWEY
Número de clasificación 910.285
Número del ítem O73g
100 1# - ASIENTO PRINCIPAL--NOMBRE PERSONAL
Nombre personal Ormsby, Tim.
9 (RLIN) 17011
245 10 - MENCION DE TITULO
Título Getting to know ArcGIS desktop :
Parte restante del título basics of ArcView, ArcEditor, and ArcInfo /
Mención de responsabilidad Tim Ormsby [y otros 4]
260 ## - PUBLICACION, DISTRIBUCION, ETC. (PIE DE IMPRENTA)
Lugar de publicación, distribución, etc. Redlands, Calif. :
Nombre del editor, distribuidor, etc. ESRI Press,
Fecha de publicación, distribución, etc. c2001.
300 ## - DESCRIPCION FISICA
Extensión xii, 538 páginas :
Otros detalles físicos ilustracionnes a color y mapas a color;
Dimensiones 23 x 19 centímetros +
Material acompañante 1 disco compacto (4 3/4 in.)
500 ## - NOTA GENERAL
Nota general Incluye índice.
538 ## - NOTA DE DETALLES DEL SISTEMA
Nota de detalles del sistema System requirements for accompanying computer disc: Microsoft Windows 2000 or windows NT (Service Pack 6a).
630 10 - ASIENTO SECUNDARIO DE MATERIA - TITULO UNIFORME
Uniform title ArcGIS.
9 (RLIN) 65184
650 #6 - ASIENTO SECUNDARIO DE MATERIA - TERMINO TEMATICO
Término temático o nombre geográfico como elemento de entrada Sistemas de información geográfica
9 (RLIN) 92253
650 #4 - ASIENTO SECUNDARIO DE MATERIA - TERMINO TEMATICO
Término temático o nombre geográfico como elemento de entrada Interfaces gráficas de usuario (Sistemas informáticos)
9 (RLIN) 65186
700 1# - ASIENTO SECUNDARIO - NOMBRE PERSONAL
Nombre personal Napoleon, Eileen
Término de relación autora
9 (RLIN) 17015
700 1# - ASIENTO SECUNDARIO - NOMBRE PERSONAL
Nombre personal Burke, Robert
Término de relación autor
9 (RLIN) 65187
700 1# - ASIENTO SECUNDARIO - NOMBRE PERSONAL
Nombre personal Groessl, Carolyn
Término de relación autora
9 (RLIN) 17017
700 1# - ASIENTO SECUNDARIO - NOMBRE PERSONAL
Nombre personal Feaster, Laura
Término de relación autora
9 (RLIN) 17018
942 ## - ELEMENTOS ADICIONALES (KOHA)
Sistema de clasificación Dewey Decimal Classification
Tipo de ítem Libro
Existencias
Withdrawn status Lost status Sistema de Clasificación Damaged status No para préstamo Colección Inventariado Ubicación Permanente Ubicación actual Fecha de adquisición Fuente de Valor Valor Total Checkouts Número topográfico Inventario / Código de Barras Date last seen Ejemplar Price effective from Forma de adquisición Tipo de material Public note
    Dewey Decimal Classification     General Inventariado 2017 Bogotá Bogotá 12/06/2002 Instituto 39000.00   LB-910.285 O73g 004989 04/12/2012 Ej. 1 04/12/2012 Compra Libro Incluye 2 CD-ROM getting to know ArcGIS desktop y ArcView (CID-004990 y CID-004991).